000
00338nam a2200145Ia 4500
008
150301s2015 xx 000 0 und d
082
_a
615.4
_b
M11S
100
_a
SINKO
245
_a
MARTIN'S PHYSICAL PHARMACY & PHRMACEUTICAL
250
_a
50TH
260
_b
WOLTER KLUMER
300
_a
660
650
_a
PHARMACY
942
_2
ddc
_c
BK
_0
1
999
_c
7323
_d
7323